000 00791nam a2200193Ii 4500
003 JO-AjNU
008 230605s9999||||xx |||||||||||||| ||und||
040 _aJO-AjNU
_bara
_erda
_cJO-AjNU
041 _aara
050 1 4 _aBF636.H326.1987
100 3 _aتاليف الهابط، محمد السيد,
_eauthor
_939779
245 0 0 _aدعائم صحة الفرد النفسية :الامراض النفسية-الامراض العقلية-مشكلات الاطفال وعلاجها-كيف يحافظ الفرد على صحة نفسه
264 3 1 _aالاسكندرية:المكتب الجامعي الحديث ، 1987
300 _a279ص
336 _atext
_btxt
_2rdacontent
337 _aunmediated
_bn
_2rdamedia
338 _avolume
_bnc
_2rdacarrier
650 4 _aصحة عقلية
_939780
999 _aA16829
_c20397
_d20397